Hindustani Musalman Manzil Ki Talash Mein, Nazre Syed Hashim Ali Akhter (Record no. 14457)

MARC details
000 -LEADER
fixed length control field 00685nam a2200253 a 4500
020 ## - INTERNATIONAL STANDARD BOOK NUMBER
ISBN 8190085
082 00 - DEWEY DECIMAL CLASSIFICATION NUMBER
Classification number 305.6297054
Author Cutter MUG
100 ## - MAIN ENTRY--AUTHOR NAME
Author name Mughni, Tabassum
245 ## - TITLE STATEMENT
Title Hindustani Musalman Manzil Ki Talash Mein, Nazre Syed Hashim Ali Akhter
260 ## - PUBLICATION, DISTRIBUTION, ETC. (IMPRINT)
Place of publication Hyderabad
Name of publisher Idara Adabiyat-E-Urdu Punjagutta
Year of publication 2003
300 ## - PHYSICAL DESCRIPTION
Number of Pages 783p
500 ## - GENERAL NOTE
General note includes index and biblioraphy
505 2# - FORMATTED CONTENTS NOTE
Formatted contents note Reference
650 ## - SUBJECT ADDED ENTRY--TOPICAL TERM
Topical Term Muslims-India
942 ## - ADDED ENTRY ELEMENTS (KOHA)
Koha item type Books
700 1# -
-- Hasan Chishti
700 1# -
-- Syeda Fatima
Holdings
Collection code Home library Current library Date acquired Cost, normal purchase price Full call number Accession Number Koha item type
  Henry Martyn Institute Library Henry Martyn Institute Library 03/28/2007 500.00 305.6297054 MUG 021293 Books
                   Copyright © 2026 | Henry Martyn Institute | Hyderabad | TS-500052 | INDIA | Implemented by hmi.edu.in
Hit-Count:

Powered by Koha